| 000 | 01014cab a2200265 4500 | ||
|---|---|---|---|
| 001 | ABS46232 | ||
| 008 | 090401t1992 xxu||||| |||| 00| 0 eng d | ||
| 035 | _a(Sirsi) u57258 | ||
| 041 | _aeng | ||
| 100 | _aStow, G. | ||
| 245 | _aPublic service contract - the unfinished article | ||
| 260 | _c1992 | ||
| 350 | _a0 | ||
| 490 |
_aArchitects` Journal _v195(16) 22 April 1992, 52-55(4) |
||
| 520 | _aSummarises, article by article, the EC directive on the co-ordination of procedures for the award of public service contracts. This is the final directive in a series designed to open up public procurement markets in the EC. Concludes with remarks on the Government`s stance and the implications for practice of the directive. | ||
| 650 | _aEC DIRECTIVES | ||
| 650 | _aEUROPE | ||
| 650 | _aPUBLIC PROCUREMENT | ||
| 650 | _aPUBLIC SERVICE CONTRACTS | ||
| 650 | _aTENDERS | ||
| 690 | _aBUILT ENVIRONMENT-BUILDING CONTRACT FORMS | ||
| 690 | _aEUROPE-SINGLE MARKET | ||
| 942 | _n0 | ||
| 948 | _c04/03/1997 | ||
| 999 |
_c34895 _d34895 |
||